000 00824nam a22002297a 4500
999 _c6093
_d6093
003 AR-CdUCM
008 190313b ||||| |||| 00| 0 spa d
040 _aMUNICIPALIDAD PROVINCIAL DEL CUSCO
_cBIBLIOTECA MUNICIPAL DEL CUSCO
082 _a985.62 /
_bC93
100 _aCuentas, J. Alberto
_917145
245 _aChucuito :
_bÁlbum gráfico e histórico /
260 _aLima :
_bTalleres gráficos OPINIÓN NACIONAL,
_c1929.
300 _bIlustraciones,
_c17 cm.
500 _aNo cuenta con numeración
505 _aContenido: Palabras del autor -- Puno -- El lago Titicaca -- Chucuito -- Juli, viejo pueblo abandonado -- Celso E. Chavarri ...
650 _aHistoria de chucuito
_917712
650 _aPuno
_93897
650 _aJuli
_917713
650 _aLago Titicaca
_917714
942 _2ddc
_cLIBROS
945 _aAndy